• Objeción de conciencia

di Topical Term

Records bibliografici associati: 1

001 - CONTROL NUMBER

  • control field: 57245

003 - CONTROL NUMBER IDENTIFIER

  • control field: IT-RoINE

005 - DATE AND TIME OF LATEST TRANSACTION

  • control field: 20190613060656.0

008 - FIXED-LENGTH DATA ELEMENTS

  • fixed length control field: 190218|| aca||aabn | a|a d

040 ## - CATALOGING SOURCE

  • Original cataloging agency: IT-RoINE
  • Transcribing agency: IT-RoINE

150 ## - HEADING--TOPICAL TERM

  • Topical term or geographic name as entry element: Objeción de conciencia
  • General subdivision: Aspecto moral

670 ## - SOURCE DATA FOUND

  • Source citation: Work cat.: (IT-RoINE)0: Somoano Berdasco, Rafael 57244, Pacifismo, guerra y objeción de conciencia a la luz de la moral católica / , DL 1978.